000 00518nam a2200193Ia 4500
008 151119s9999||||xx |||||||||||||| ||und||
082 _a28.5
082 _bGKKV12735
100 _aमहाले रमेश
245 _aअसे हे विहंग
260 _a--
260 _b--
260 _c0
600 _aमहाले रमेश
630 _aअसे हे विहंग
700 _aमहाले रमेश
730 _aअसे हे विहंग
942 _cBOOK
999 _c1066544
_d1066541